Factors of profitability of the grapes production

Salvato in:
Dettagli Bibliografici
Autore principale: Tomšík, Pavel
Natura: Capitolo di libro
Lingua:inglese
Soggetti:
Tags: Aggiungi Tag
Nessun Tag, puoi essere il primo ad aggiungerne!!

MARC

LEADER 00000naa a2200000 4500
001 0221011
005 20221019173619.5
041 0 |a eng 
044 |a CZ 
245 1 0 |a Factors of profitability of the grapes production  |c Pavel Tomšík ... [et al.] 
610 2 0 |a víno 
610 2 0 |a produkcia 
610 2 0 |a predaj 
610 2 0 |a zisk 
610 2 0 |a Česko 
100 1 |a Tomšík, Pavel